000 00339nam a22001457a 4500
008 210305b ||||| |||| 00| 0 eng d
020 _a9780131475915
041 _aeng
080 _28th
_a330.722.6
082 _28th
_a330.722.6
100 _a61
101 _aKF
245 _aAccounting Information Systems
_cRomney,M
942 _2udc
_cBK
999 _c55841
_d55841